| 000 | 00730nam a2200217 4500 | ||
|---|---|---|---|
| 001 | 51509 | ||
| 003 | BD-RjUL | ||
| 005 | 20211209075654.0 | ||
| 008 | 160831s1967 enka p 00000 eng | ||
| 035 | _a(BD-RjUL)51629 | ||
| 040 |
_aBD-RjUL _beng _cBD-RjUL |
||
| 041 | _aeng | ||
| 082 |
_223 _a519.5 _bINT 1967 |
||
| 110 | 0 | 0 |
_aInternational Tutor Machines Limited. _bProgramme Division. _9153998 |
| 245 | 0 | 0 |
_aIntroduction to management statistics : _ba teaching programme / _cInternational Tutor Machines Limited. |
| 260 | 0 |
_aLondon, _bEnglish Universities P., _c1967. |
|
| 300 |
_a[304] p. : _bill. ; _c22 cm. |
||
| 490 | 0 | _aThe E.U.P. library of programmed texts | |
| 650 | 0 |
_aStatistical Mathematics _9153996 |
|
| 942 |
_2ddc _cBK |
||
| 999 |
_c51509 _d51509 |
||